000 00712nam a22001937a 4500
999 _c7602
_d7602
003 AR-CdUCM
008 190320b ||||| |||| 00| 0 spa d
040 _aMUNICIPALIDAD PROVINCIAL DEL CUSCO
_cBIBLIOTECA MUNICIPAL DEL CUSCO
082 _24ed.
_a542 /
_bM91
100 _aMullin, Virginia L.
_921456
245 _aQuímica recreativa /
260 _aMadrid :
_bSantillana,
_c1965.
300 _a111 paginas ;
_c21 cm.
505 _aContenido :Antes de comenzar -- El lenguaje de la química -- Instalación de tu laboratorio -- Técnicos de laboratorio -- La química del aire -- La química del agua ...
650 _aQuímica pura
_910177
650 _aFísica
_92382
942 _2ddc
_cLIBROS
945 _arum